000 00321nam a22001337a 4500
005 20250901165818.0
008 250407b |||||||| |||| 00| 0 eng d
020 _a9789966226693
050 _aPL 8704.R93 2008
245 _aDAGO WA MUNJI
_cRYANGA SHEILA
260 _aNAIROBI
_bJKF
_c200819
300 _a190
942 _2lcc
999 _c9539
_d9539